Central Library OPAC University of Rajshahi

The news in America / (Record no. 1045)

MARC details
000 -LEADER
fixed length control field 00870cam a22002891 4500
001 - CONTROL NUMBER
control field 1045
003 - CONTROL NUMBER IDENTIFIER
rucl marc code BD-RjUL
005 - DATE AND TIME OF LATEST TRANSACTION
control field 20211208233252.0
008 - FIXED-LENGTH DATA ELEMENTS--GENERAL INFORMATION
fixed length control field 131124s1952 mau 001 0 eng d
035 ## - SYSTEM CONTROL NUMBER
System control number (BD-RjUL)1067
System control number (OCoLC)332729
040 ## - CATALOGING SOURCE
Original cataloging agency DLC
Transcribing agency ODaWU
Modifying agency OCoLC
-- Uk
-- BD-RjUL
Language of cataloging eng
041 ## - LANGUAGE CODE
Language code of text/sound track or separate title eng
082 ## - DEWEY DECIMAL CLASSIFICATION NUMBER
Classification number 071
Edition number 16
Author mark and year MON
100 1# - MAIN ENTRY--PERSONAL NAME
Personal name Mott, Frank Luther,
Dates associated with a name 1886-1964.
9 (RLIN) 3079
245 14 - TITLE STATEMENT
Title The news in America /
Statement of responsibility, etc. Frank Luther Mott.
260 ## - PUBLICATION, DISTRIBUTION, ETC. (IMPRINT)
Place of publication, distribution, etc. Cambridge:
Name of publisher, distributor, etc. Harvard University Press,
Date of publication, distribution, etc. 1952.
300 ## - PHYSICAL DESCRIPTION
Pagination 236 p. ;
Size 22 cm.
650 #0 - SUBJECT ADDED ENTRY--TOPICAL TERM
Topical term or geographic name as entry element Journalism
Geographic subdivision United States.
9 (RLIN) 3081
Topical term or geographic name as entry element Press
Geographic subdivision United States.
9 (RLIN) 3082
Topical term or geographic name as entry element News agencies.
9 (RLIN) 3083
Topical term or geographic name as entry element Radio journalism.
9 (RLIN) 2847
942 ## - ADDED ENTRY ELEMENTS (KOHA)
Source of classification or shelving scheme Dewey Decimal Classification
Koha item type Books
Holdings
Lost status Source of classification or shelving scheme Damaged status Not for loan Collection code Permanent Location Current Location Shelving location Date acquired Source of acquisition Total Checkouts Full call number Date last seen Copy number Koha item type
  Dewey Decimal Classification   Not For Loan Non-fiction Central Library, University of Rajshahi Central Library, University of Rajshahi Reading Room 02/11/1955 U.S Book Exchange   071 MON 1952 24/11/2013 C-1 Books